Statistics for Sayings, Proverbs and Idioms Decoder

Click here to take the quiz!

General Stats

  • This quiz has been taken 200 times
  • The average score is 11 of 18

Answer Stats

Saying% Correct
AOpposites {attract}
96%
WThe early bird catches the {worm}
94%
WA chain is only as strong as its {weakest} link
88%
TIt takes two to {tango}
86%
O{Oil} and water don't mix
86%
UKeep a stiff {upper} lip
85%
RNo {rest} for the wicked
78%
OAn {ounce} of prevention is worth a pound of cure
74%
PAbsolute {power} corrupts absolutely
64%
Y{Youth} is wasted on the young
61%
HWhile there's life there's {hope}
57%
EDon't get mad, get {even}
55%
UTo {upset} the apple-cart
38%
You reap what you sow.
29%
YDon't keep a dog and bark {yourself}
28%
OLittle strokes fell great {oaks}
26%
SOne {swallow} does not make a summer
24%
ATo travel hopefully is a better thing than to {arrive}
14%

Score Distribution

Percentile by Number Answered

Percent of People with Each Score

Your Score History

You have not taken this quiz